01113nam a2200253 i 4500001001000000003000900010005001700019007000300036008004100039040003000080041000800110082001900118100004300137245005800180250002200238264005100260300002800311336002700339337003300366338002800399505036000427651004000787651003200827000041218DO-SdBNP20260428142736.0ta130926s1996 dr ||||| |||| 00| 0 spa d aDO-SdBNPbspacBNPHUerda aspa 4a956bB742b2221 a Bosch, Juan, d1909-2001eautor4aut.10aBreve historia de los pueblos árabes /cJuan Bosch. atercera edición 1aSanto Domingo :bEditora Alfa & Omega ;c1996. a177 páginas ;c21 cm. atextobtxt2rdacontent asin mediaciónbn2rdamedia avolumenbnc2rdacarrier aOrigen de este libro --tPrefacio -- tDesde el imperio Árabe hasta el imperio otomano -- tLos países árabes hasta el final de la primera guerra mundial -- tLa segunda guerra mundial: más países árabes y formación del estado de Israel -- tLo que significó para los palestinos la instalación en su territorio del estado israelí.  4aCercano OrientexHistoriaySiglo XX 4aPaíses ÁrabesxHistoria